The stonewall ladies (Record no. 58454)

MARC details
000 -LEADER
fixed length control field 00502nam a2200145 a 4500
008 - FIXED-LENGTH DATA ELEMENTS--GENERAL INFORMATION
fixed length control field 120416s0000 ||||||||||||||||| || u
020 ## - INTERNATIONAL STANDARD BOOK NUMBER
International Standard Book Number 0893406600
050 ## - LIBRARY OF CONGRESS CALL NUMBER
Classification number PS 3572.E754S8
100 ## - MAIN ENTRY--PERSONAL NAME
Personal name Verner, Elizabeth O'Neill
245 14 - TITLE STATEMENT
Title The stonewall ladies
260 ## - PUBLICATION, DISTRIBUTION, ETC.
Place of publication, distribution, etc. South Yarmouth, Ma.
Name of publisher, distributor, etc. John Curley & Associates
Date of publication, distribution, etc. 1963
300 ## - PHYSICAL DESCRIPTION
Extent xi, 179p.
350 ## - PRICE (NR) (BK AM CF MU VM SE) [OBSOLETE]
Price 0.00
995 ## - RECOMMENDATION 995 [LOCAL, UNIMARC FRANCE]
-- 0.00
-- CBU-MAIN LIBRARY (Kitwe)
-- 1
-- 5.25
-- 1
-- AVAILABLE
-- Fiction Collection
Holdings
Withdrawn status Lost status Source of classification or shelving scheme Damaged status Not for loan Home library Current library Shelving location Date acquired Total Checkouts Full call number Barcode Date last seen Price effective from Koha item type
          CBU-MAIN LIBRARY, KITWE. CBU-MAIN LIBRARY, KITWE.   11/30/2022   PS 3572.E754S8 011220 11/30/2022 11/30/2022 MONOGRAPH